|
|
|
|
| LEADER |
01268nam a2200301 a 4500 |
| 001 |
404 |
| 003 |
BD-DhAAL |
| 005 |
20150224094655.0 |
| 008 |
150224s1993 caua b 001 0 eng |
| 010 |
|
|
|a 92017454
|
| 020 |
|
|
|a 0803990014 (pb : acidfree paper)
|
| 040 |
|
|
|a DLC
|c DLC
|d DLC
|d BD-DhAAL
|
| 050 |
0 |
0 |
|a HM51
|b .L3587 1993
|
| 082 |
0 |
0 |
|a 301
|2 20
|
| 100 |
1 |
|
|a Levin Jack,
|d 1941-
|9 8705
|
| 245 |
1 |
0 |
|a Sociological snapshots :
|b seeing social structure and change in everyday life /
|c Jack Levin.
|
| 260 |
|
|
|a Thousand Oaks [Calif.] :
|b Pine Forge Press,
|c c1993.
|
| 300 |
|
|
|a xvii, 158 p. :
|b ill. ;
|c 23 cm.
|
| 504 |
|
|
|a Includes bibliographical references (p. 145-149) and index.
|
| 541 |
|
|
|e 404
|
| 650 |
|
0 |
|a Sociology.
|9 8735
|
| 650 |
|
0 |
|a Social change.
|9 8736
|
| 650 |
|
0 |
|a Social structure
|z United States.
|9 8326
|
| 651 |
|
0 |
|a United States
|x Social conditions
|y 1980-
|9 8020
|
| 942 |
|
|
|2 ddc
|c BK
|
| 999 |
|
|
|c 33779
|d 33779
|
| 952 |
|
|
|0 0
|1 0
|2 ddc
|4 0
|6 301_000000000000000_LEV
|7 0
|9 52751
|a SCL
|b SCL
|c GEN
|d 2015-02-24
|e Gift: The Asia Foundation
|l 0
|o 301 LEV
|p 3020000404
|r 2015-02-24
|t 1
|w 2015-02-24
|y BK
|
| 952 |
|
|
|0 0
|1 0
|2 ddc
|4 0
|6 301_000000000000000_LEV
|7 0
|9 52752
|a SCL
|b SCL
|c GEN
|d 2015-02-24
|e Gift: The Asia Foundation
|l 0
|o 301 LEV
|p 3020000069
|r 2015-02-24
|t 2
|w 2015-02-24
|y BK
|